Diversity and unity in federal countries (Record no. 518397)

000 -LEADER
fixed length control field 00500nam a22001577a 4500
020 ## - INTERNATIONAL STANDARD BOOK NUMBER
International Standard Book Number 9780773537392
082 ## - DEWEY DECIMAL CLASSIFICATION NUMBER
Classification number B263 M813
245 ## - TITLE STATEMENT
Title Diversity and unity in federal countries
Statement of responsibility, etc edited by Luis Moreno and Cesar Colino
260 ## - PUBLICATION, DISTRIBUTION, ETC. (IMPRINT)
Place of publication, distribution, etc London
Name of publisher, distributor, etc McGill-Queen's Univ. Press
Date of publication, distribution, etc 2010
300 ## - PHYSICAL DESCRIPTION
Extent 431p.
650 ## - SUBJECT ADDED ENTRY--TOPICAL TERM
Topical term or geographic name as entry element Federal government
9 (RLIN) 27482
650 ## - SUBJECT ADDED ENTRY--TOPICAL TERM
Topical term or geographic name as entry element Comparative government
9 (RLIN) 27483
650 ## - SUBJECT ADDED ENTRY--TOPICAL TERM
Topical term or geographic name as entry element Multiculturalism
9 (RLIN) 27484
700 ## - ADDED ENTRY--PERSONAL NAME
Personal name Moreno, Luis, ed.
9 (RLIN) 27485
700 ## - ADDED ENTRY--PERSONAL NAME
Personal name Colino, Cesar, ed.
9 (RLIN) 27486
Holdings
Withdrawn status Lost status Source of classification or shelving scheme Damaged status Koha normalized classification for sorting Not for loan Permanent location Current location Shelving location Date acquired Full call number Barcode Date last seen Price effective from Koha item type
        B_263_000000000000000_M813   Indian Institute of Public Administration Indian Institute of Public Administration On Display 2021-09-22 B263 M813 GR23781 2021-09-22 2021-09-22 GR

Powered by Koha